|
|
|
|
| LEADER |
00000nam0a2200000 4500 |
| 001 |
216815 |
| 005 |
20231101230052.0 |
| 010 |
|
|
|a 0140284141
|
| 035 |
|
|
|a (RuTPU)RU\TPU\book\236788
|
| 090 |
|
|
|a 216815
|
| 100 |
|
|
|a 20120529d2001 km y0engy50 ba
|
| 101 |
0 |
|
|a eng
|
| 102 |
|
|
|a GB
|
| 105 |
|
|
|a a z 001zb
|
| 200 |
1 |
|
|a Mendeleyev's Dream. The Quest for the Elements
|f P. Strathern
|
| 210 |
|
|
|a London
|c Penguin Books
|d 2001
|
| 215 |
|
|
|a 308 p.
|c il.
|
| 320 |
|
|
|a Index: p. 303-309.
|
| 330 |
|
|
|a In this elegant, erudite, but entertaining book, Paul Strathern, the award-winning novelist and expositor of complex ideas, unravels the dramatic history of chemistry through the quest for the elements. Framing this history is the life story of the nineteenth-century Russian scientist Dmitri Mendeleyev, who fell asleep at his desk and awoke after conceiving the periodic table in a dream-the template upon which modern chemistry is founded and the formulation of which marked chemistry's coming of age as a science. From ancient philosophy through medieval alchemy to the splitting of the atom, this is the true story of the birth of chemistry and the role of one man's dream.
|
| 600 |
|
1 |
|a Менделеев
|g Дмитрий Иванович
|b Д. И.
|c учёный-энциклопедист, химик, педагог
|f 1834-1907
|c член-корреспондент Петербургской АН
|2 stltpush
|3 (RuTPU)RU\TPU\pers\1367
|
| 606 |
1 |
|
|a Химия
|x История
|2 stltpush
|3 (RuTPU)RU\TPU\subj\58903
|9 76591
|
| 610 |
1 |
|
|a Россия
|
| 610 |
1 |
|
|a 19 век
|
| 610 |
1 |
|
|a биографии
|
| 610 |
1 |
|
|a научная деятельность
|
| 610 |
1 |
|
|a персоналии
|
| 610 |
1 |
|
|a химики
|
| 610 |
1 |
|
|a периодическая таблица
|
| 675 |
|
|
|a 54(09)
|v 3
|
| 700 |
|
1 |
|a Strathern
|b P.
|g Paul
|
| 801 |
|
1 |
|a RU
|b 63413507
|c 20120529
|
| 801 |
|
2 |
|a RU
|b 63413507
|c 20180111
|g RCR
|
| 942 |
|
|
|c BK
|